[Event "95th Caplin Hastings Congress"]
[Site "Hastings"]
[Date "2020.01.02"]
[Round "6.2"]
[White "Edouard, Romain"]
[Black "Kantor, Gergely"]
[Result "1/2-1/2"]
[WhiteElo "2653"]
[BlackElo "2541"]
[Annotator "TA"]
[PlyCount "68"]
[EventDate "2019.12.28"]
[EventType "swiss"]
[EventCountry "ENG"]
[SourceTitle "playchess.com"]
[Source "ChessBase"]
[SourceQuality "1"]

{[%evp 10,68,0,-3,18,-17,0,0,0,-16,1,9,3,0,2,13,10,28,121,101,163,154,172,129,199,171,193,201,197,182,189,121,139,136,127,141,148,150,234,224,314,224,390,381,568,580,591,576,722,717,700,654,604,0,0,0,0,0,0,0,0]} 1. c4 e5 2. Nc3 Nf6 3. Nf3 Nc6 4. d3 d5 5. cxd5 Nxd5 6. e4 Nb6 {A28: English Opening: Four Knights Variation} (6... Nxc3 7. bxc3 Bc5 8. Be2 O-O 9. O-O Bb6 10. a4 Re8 11. Qc2 Qf6 12. Kh1 h6 13. Ng1 Qd6 14. f4 Bxg1 15. Rxg1 exf4 {0-1 (42) Kramnik,V (2777)-Giri,A (2783) Wijk aan Zee 2019}) 7. h3 Be7 8. Be2 O-O 9. O-O f5 $146 ({Predecessor:} 9... Be6 10. Be3 Qd7 11. a4 a5 12. Rc1 Rfd8 13. Nb5 Rac8 14. Rxc6 Qxc6 15. Nxe5 {1-0 (25) Kos,P (2251)-Sliwerski,R (2132) Warsaw 2012}) 10. a4 a5 11. Nb5 Kh8 12. Be3 f4 13. Bd2 Bf6 (13... Be6 $11) 14. d4 $1 $16 g5 {[#]} (14... Bd7 $16 {was called for.}) 15. d5 $1 $18 {[%cal Rd5c6]} Ne7 16. Bc3 Ng6 (16... c6 $16) 17. b4 {[%cal Bb2b4,Bb4a5][%mdl 32]} g4 18. hxg4 Bxg4 19. bxa5 Nc8 20. Nxe5 (20. Rc1 $18) 20... Bxe5 21. Bxg4 {Rc1 is the strong threat.} Bxc3 22. Nxc3 {[%cal Bb5c3,Bc3e2,Be2d4][%mdl 32]} Ne5 23. f3 Rg8 (23... Nd6 $16 {is a better defense.} 24. Ne2 Qf6) 24. Ne2 Qg5 (24... Nd6 {was worth a try.} 25. Rc1 (25. Nxf4 Qg5 $16) 25... Rxa5) 25. Qc1 h5 $2 (25... Nd6 {might work better.} 26. Qxc7 (26. Nxf4 Nxg4 27. fxg4 Qe5 $16) 26... Ndc4) 26. Bh3 Ng6 (26... Nd6 $142 27. Nxf4 Rxa5) 27. Qxc7 Rg7 28. Qc5 Nce7 29. Nd4 Nf8 30. Qc3 Qh4 {Black hopes to continue with ...Qxh3.} 31. Kh2 $2 ({White should play} 31. Kh1 $18) 31... Rxg2+ $1 $11 {The position is equal.} 32. Kxg2 {[#] Threatening mate with Nf5+.} Qg3+ 33. Kh1 {Hoping for Nf5+.} Qxh3+ 34. Kg1 {Intending Nf5+ and mate.} Qg3+ {Accuracy: White = 79%, Black = 45%.} 1/2-1/2

[Event "95th Caplin Hastings Congress"]
[Site "Hastings"]
[Date "2020.01.02"]
[Round "6.3"]
[White "Hebden, Mark L"]
[Black "Howell, David W L"]
[Result "1-0"]
[WhiteElo "2433"]
[BlackElo "2676"]
[Annotator "TA"]
[PlyCount "175"]
[EventDate "2019.12.28"]
[EventType "swiss"]
[EventCountry "ENG"]
[SourceTitle "playchess.com"]
[Source "ChessBase"]
[SourceQuality "1"]

{[%evp 29,175,15,0,0,0,0,14,-6,0,0,20,19,14,14,16,14,186,192,182,179,544,84,516,40,36,17,24,17,19,17,22,0,0,0,0,0,0,0,0,0,0,0,0,0,0,0,0,0,0,0,47,33,70,80,71,36,62,46,134,93,83,94,99,68,83,92,329,322,295,289,299,290,340,318,306,254,327,302,342,293,518,490,798,655,1193,1130,1274,1283,2288,2072,2532,2433,12837,12837,12843,12843,12844,12841,12845,12845,12846,12847,12850,12850,12851,12851,12851,12851,12851,12851,12851,12851,12851,12851,12851,12851,12851,29978,12851,29983,12851,29984,12851,27999,12851,27999,12851,12851,12851,12851,12851,12851,12851,27999,12851,27999,12851,27999,12851,29987,12851,27997,27998,27998,27999,27998,27999,27999]} 1. d4 e6 2. Nf3 c5 3. e4 cxd4 4. Nxd4 Nc6 5. Nc3 Qc7 6. Be3 a6 7. Be2 Nf6 8. O-O Be7 9. f4 d6 10. Qe1 O-O 11. Kh1 Nxd4 12. Bxd4 b5 13. Qg3 Bb7 14. a3 Bc6 15. Rae1 Qb7 16. e5 {B85: Sicilian Scheveningen: 6 Be2 a6, lines with early Be3} (16. Bd3 b4 17. Nd1 bxa3 18. bxa3 Rac8 19. Rf3 Nh5 20. Qh3 Nxf4 21. Rxf4 e5 22. Ne3 g6 23. Qh6 Kh8 24. Ba1 f6 25. Rh4 {1-0 (25) Fedorchuk,S (2640)-Bosiocic,M (2607) Mali Losinj 2017}) 16... dxe5 17. fxe5 Nd7 18. Be3 $146 {The position is equal.} ({Predecessor:} 18. Qh3 h6 19. Bd3 Nc5 20. Bxc5 Bxc5 21. Rf4 Rad8 22. Ne4 Bxe4 23. Rexe4 {1-0 (23) Schwarte,J-Garcia Medinilla,D LSS email 2007}) 18... Bc5 {Hoping for ...Bxe3.} 19. Nd1 {[%cal Bc3d1,Bd1e3,Be3g4,Bg4f6][%mdl 32]} Be4 20. Bf3 Bxf3 21. Rxf3 {Black must now prevent Bh6!} Bxe3 22. Nxe3 Rad8 $2 (22... f5 $11 {and Black is okay.}) 23. Ng4 $1 $18 {[%cal Rg4h6]} Kh8 {[#]} 24. Qh4 $1 {[%mdl 512] Rh3 would kill now.} Qc7 $2 (24... f5 {is tougher.}) 25. c3 $2 (25. Rc3 $1 $18 {[%cal Rc3c7] and the rest is easy.} Qxc3 26. bxc3) 25... Qc4 $2 {[%mdl 8192] [#]} (25... Rg8 $16) 26. Qh5 $2 (26. Rh3 $1 $18 {[%csl Gh3][%cal Rh4h7]} h6 27. Qg3 Nxe5 28. Nxh6 (28. Qxe5 Qxg4 29. Rg3 f6 $11)) 26... Nc5 $14 27. Nf6 {[%csl Gf6][%cal Rh5h7]} h6 ({Don't go for} 27... gxf6 $2 28. Rh3 $16) 28. Ng4 Qe4 $1 {[%cal Re4e1]} 29. Ref1 $1 {aiming for Nxh6!} Qh7 $1 30. Rxf7 Rxf7 31. Qxf7 Qd3 32. Kg1 Qe2 33. h3 Ne4 34. Qf3 Rd2 35. Qxe2 Rxe2 $11 {[%mdl 4096] Endgame KRN-KRN} 36. Nf2 Ng3 37. Rb1 Rxe5 38. Nd3 Re2 39. Nf4 Re4 40. Kf2 Nf5 41. Nd3 a5 42. g4 Nd6 43. Rd1 Nf7 (43... g5 $14) 44. Nc5 Re5 45. b4 axb4 46. cxb4 Ng5 47. Rd3 Ne4+ $2 (47... Kg8 $16 {was called for.}) 48. Nxe4 $18 Rxe4 {KR-KR} 49. Re3 Rc4 50. Rxe6 Kg8 51. Ke2 Kf7 52. Re3 Kf6 {[#]} 53. Kd2 $1 Rf4 54. Kc2 Rd4 $2 (54... Rf1 55. Kc3 Rd1) 55. Rf3+ Kg5 (55... Ke6 $142 56. Rf5 Rd5 57. Rxd5 Kxd5) 56. Rf5+ Kh4 57. Rxb5 Kxh3 58. a4 Rd8 59. a5 Ra8 60. Rb6 g5 61. Rxh6+ Kxg4 62. Kb3 Kf5 63. Rh7 Rg8 64. a6 g4 65. a7 g3 {[#]} 66. Rg7 $1 {[%mdl 576] Deflection, Promotion} Rxg7 67. a8=Q {KQ-KR} g2 68. Qf3+ Ke6 69. Qe3+ Kf5 70. Qg1 Ke4 71. b5 Kf3 72. b6 Rh7 73. Qd1+ Ke3 74. Qc1+ Kf3 75. Qc6+ Kf2 76. Qc2+ Kf3 77. Qf5+ Ke3 78. Qg4 Kf2 79. Qf4+ Kg1 80. Qe4 Rh3+ 81. Kc2 {Intending b7 and mate.} Kf2 82. Qd4+ Kf1 83. Qf4+ Ke1 {[#]} 84. Qg4 $1 {[%mdl 64] Double Attack} Kf2 85. Qxh3 g1=Q {White mates.} 86. Qf5+ Ke1 87. Qe5+ Kf1 88. Qa1+ {Accuracy: White = 63%, Black = 36%.} 1-0

[Event "95th Caplin Hastings Congress"]
[Site "Hastings"]
[Date "2020.01.02"]
[Round "6.4"]
[White "Sengupta, Deep"]
[Black "Lalic, Bogdan"]
[Result "1/2-1/2"]
[WhiteElo "2564"]
[BlackElo "2414"]
[Annotator "TA"]
[PlyCount "216"]
[EventDate "2019.12.28"]
[EventType "swiss"]
[EventCountry "ENG"]
[SourceTitle "playchess.com"]
[Source "ChessBase"]
[SourceQuality "1"]

{[%evp 18,216,43,44,43,39,40,23,21,25,28,14,11,11,22,25,7,0,0,0,21,13,39,35,50,21,51,35,39,0,22,17,54,42,38,52,44,0,5,17,64,29,18,21,27,22,43,11,11,8,14,-6,0,0,0,0,0,0,0,-18,0,0,0,0,0,0,0,0,0,0,0,0,0,0,0,0,0,0,0,0,0,0,0,0,0,0,0,0,0,0,0,0,0,0,0,0,0,0,0,0,0,0,0,0,1,1,1,1,1,1,12,12,12,1,1,1,1,1,1,8,8,8,12,12,12,12,12,12,12,12,12,12,12,12,12,1,1,1,1,1,1,1,1,1,1,1,1,1,1,1,1,1,1,1,1,1,1,1,1,1,1,1,1,1,1,1,1,1,1,1,1,1,1,1,1,1,1,1,1,1,1,1,1,1,1,1,1,1,1,1,1,1,1,1,1,1,1,1,1,0,0]} 1. e4 c5 2. Nf3 g6 3. d4 cxd4 4. Nxd4 Nc6 5. c4 Nf6 6. Nc3 Nxd4 7. Qxd4 d6 8. Be2 Bg7 9. Be3 O-O 10. Qd2 a5 {[%cal Ba7a5,Ba5a4][%mdl 32] B36: Sicilian: Maroczy Bind: Gurgenidze System} 11. O-O a4 12. f3 Qa5 {White has an edge.} (12... Be6 13. Rab1 Nd7 14. b4 axb3 15. axb3 Qa5 16. b4 Qa3 17. Rfc1 Rfc8 18. Nd5 Bxd5 19. exd5 h5 20. Rc2 b6 {½-½ (39) Ponomariov,R (2675)-Mamedov,R (2650) Hengshui 2019}) 13. Rab1 Be6 14. Rfc1 Rfc8 15. b4 $146 ({Predecessor:} 15. b3) 15... axb3 $1 16. axb3 Qb4 17. Qc2 Nd7 18. Nb5 Ne5 19. Kh1 Nc6 20. Bf1 Qa5 21. Qd1 Qd8 22. Qd2 Qa5 23. Qd1 Qd8 24. Qe1 Qa5 25. b4 Qd8 $1 26. Rd1 Qf8 27. Nc3 Ne5 28. c5 Nc4 29. Bxc4 Bxc4 30. Nd5 Bxd5 31. Rxd5 Be5 32. f4 Bg7 {The position is equal.} 33. Rbd1 {[%cal Rc5d6]} Qe8 34. Bf2 dxc5 35. Bxc5 e6 36. R5d3 Bf8 37. Bxf8 Qxf8 38. Rd7 b5 39. f5 exf5 40. exf5 Rd8 {...Rxd7 is the strong threat.} 41. h3 Rxd7 42. Rxd7 $11 {[%mdl 4096] Endgame KQR-KQR} Qc8 43. Qd2 Qc6 44. Kh2 Rc8 45. Qd4 Qc4 46. Qd6 Re8 47. f6 {[#] And now Rd8 would win.} h5 48. Re7 Rc8 49. Qd2 {White threatens Qh6 and mate.} (49. Rb7 {with more complications.} Rc6 50. Qe5 Kh7 51. Re7 Rc8 52. Qg3) 49... Kh7 50. Qg5 Rf8 51. Qd2 Rc8 52. Qd6 Kh6 53. Rb7 g5 54. Qe5 Qxb4 55. Rxf7 Qf4+ 56. Qxf4 gxf4 {KR-KR} 57. Rb7 Rf8 58. f7 b4 59. Kg1 b3 60. Kf2 b2 61. Rxb2 Rxf7 62. Rb5 Kg6 63. h4 Rf5 64. Rb4 Ra5 65. Kf3 Ra2 66. Rc4 Rb2 67. Ra4 Rc2 68. Rxf4 Rc3+ 69. Kf2 Rc2+ 70. Kg3 Rc3+ 71. Kh2 Ra3 72. Rf2 Rb3 73. Rf3 Rb4 74. Kh3 Ra4 75. Rb3 Kh6 76. Rb2 Ra3+ 77. g3 Ra6 78. Kg2 Kg6 79. Rb3 Rf6 80. Rd3 Rf5 81. Rd6+ Kg7 82. Rd4 Kg6 83. Re4 Rf6 84. Rf4 Ra6 85. Rf2 Ra3 86. Rd2 Rb3 87. Rd6+ Kg7 88. Kf2 Ra3 89. Re6 Rb3 90. Re3 Rb2+ 91. Kf3 Kf6 92. Rd3 Rb6 93. Rd4 Kf5 94. Rd5+ Kg6 95. Rg5+ Kh6 96. Re5 Kg6 97. Kf4 Rf6+ 98. Ke4 Ra6 99. Rg5+ Kh6 100. Rd5 Rg6 101. Kf4 Rg4+ 102. Kf3 Kg6 103. Re5 {[#] aiming for Re4.} Ra4 104. Re6+ Kg7 105. Re4 Ra3+ 106. Kf4 Kf6 107. Rd4 Ra6 108. g4 hxg4 {Accuracy: White = 70%, Black = 84%.} 1/2-1/2

[Event "95th Caplin Hastings Congress"]
[Site "Hastings"]
[Date "2020.01.02"]
[Round "6.5"]
[White "Stany, G.A."]
[Black "Bates, Richard A"]
[Result "1/2-1/2"]
[WhiteElo "2526"]
[BlackElo "2342"]
[Annotator "ChessBase"]
[PlyCount "62"]
[EventDate "2019.12.28"]
[EventType "swiss"]
[EventCountry "ENG"]
[SourceTitle "playchess.com"]
[Source "ChessBase"]
[SourceQuality "1"]
[TimeControl "40/6600+30:3000+30"]

1. e4 {[%emt 0:09:35]} c5 {[%emt 0:10:29]} 2. Nf3 {[%emt 0:00:04]} d6 {[%emt 0:00:37]} 3. d4 {[%emt 0:00:05]} cxd4 {[%emt 0:00:06]} 4. Nxd4 {[%emt 0:00:03]} Nf6 {[%emt 0:00:08]} 5. Nc3 {[%emt 0:00:03]} a6 {[%emt 0:00:13]} 6. h3 {[%emt 0:00:09]} e5 {[%emt 0:00:34]} 7. Nde2 {[%emt 0:00:09]} h5 {[%emt 0:01:22]} 8. Bg5 {[%emt 0:00:06]} Be6 {[%emt 0:00:48]} 9. Bxf6 {[%emt 0:00:07]} Qxf6 {[%emt 0:00:08]} 10. Nd5 {[%emt 0:00:03]} Qd8 {[%emt 0:01:52]} 11. Qd3 {[%emt 0:00:04]} Nd7 {[%emt 0:09:25]} 12. O-O-O {[%emt 0:00:07]} Rc8 {[%emt 0:05:54]} 13. Kb1 {[%emt 0:01:16]} g6 {[%emt 0:00:55]} 14. Nec3 {[%emt 0:00:54]} Bg7 {[%emt 0:03:42]} 15. h4 {[%emt 0:06:07]} b5 {[%emt 0:16:29]} 16. g3 {[%emt 0:01:27]} Rc4 {[%emt 0:07:37]} 17. Qe2 {[%emt 0:36:20]} O-O {[%emt 0:13:02]} 18. f3 {[%emt 0:06:49]} Rd4 {[%emt 0:04:36]} 19. g4 {[%emt 0:15:14]} b4 {[%emt 0:04:01]} 20. Na4 {[%emt 0:03:32]} Bxd5 {[%emt 0:03:21]} 21. exd5 {[%emt 0:10:05]} Rxd1+ {[%emt 0:05:21]} 22. Qxd1 {[%emt 0:00:05]} Qa5 {[%emt 0:00:37]} 23. c4 {[%emt 0:06:26]} bxc3 {[%emt 0:00:33]} 24. Nxc3 {[%emt 0:02:28]} Rb8 {[%emt 0:11:38]} 25. Ne4 {[%emt 0:02:55]} hxg4 {[%emt 0:09:34]} 26. fxg4 {[%emt 0:00:10]} Qb4 {[%emt 0:01:04]} 27. Qe2 {[%emt 0:00:05]} Nf6 {[%emt 0:02:45]} 28. Nxf6+ {[%emt 0:02:26]} Bxf6 {[%emt 0:00:04]} 29. Rh3 {[%emt 0:00:33]} Qd4 {[%emt 0:02:35]} 30. Rd3 {[%emt 0:01:21]} Qc5 {[%emt 0:00:31]} 31. g5 {[%emt 0:05:09]} e4 {[%emt 0:01:55]} 1/2-1/2

[Event "95th Caplin Hastings Congress"]
[Site "Hastings"]
[Date "2020.01.02"]
[Round "6.6"]
[White "Cherniaev, Alexander"]
[Black "Korneev, Oleg"]
[Result "1/2-1/2"]
[WhiteElo "2419"]
[BlackElo "2524"]
[Annotator "ChessBase"]
[PlyCount "109"]
[EventDate "2019.12.28"]
[EventType "swiss"]
[EventCountry "ENG"]
[SourceTitle "playchess.com"]
[Source "ChessBase"]
[SourceQuality "1"]
[TimeControl "40/6600+30:3000+30"]

1. e4 {[%emt 0:10:48]} c5 {[%emt 0:20:32]} 2. Nc3 {[%emt 0:00:06]} e6 {[%emt 0:00:07]} 3. Nge2 {[%emt 0:00:06]} a6 {[%emt 0:00:16]} 4. g3 {[%emt 0:00:10]} Nc6 {[%emt 0:04:21]} 5. Bg2 {[%emt 0:00:07]} d6 {[%emt 0:07:55]} 6. O-O {[%emt 0:01:15]} Nf6 {[%emt 0:07:26]} 7. d3 {[%emt 0:00:10]} Be7 {[%emt 0:00:07]} 8. h3 {[%emt 0:00:09]} Qc7 {[%emt 0:11:34]} 9. Be3 {[%emt 0:00:31]} b5 {[%emt 0:01:07]} 10. a3 {[%emt 0:00:05]} Rb8 {[%emt 0:01:09]} 11. f4 {[%emt 0:07:29]} d5 {[%emt 0:08:17]} 12. exd5 {[%emt 0:03:39]} exd5 {[%emt 0:01:02]} 13. f5 {[%emt 0:00:10]} d4 {[%emt 0:03:35]} 14. Bf4 {[%emt 0:02:18]} Ne5 {[%emt 0:05:43]} 15. Nd5 {[%emt 0:06:20]} Nxd5 {[%emt 0:00:13]} 16. Bxd5 {[%emt 0:00:03]} Bxf5 {[%emt 0:09:32]} 17. Nxd4 {[%emt 0:03:10]} cxd4 {[%emt 0:02:59]} 18. Qe2 {[%emt 0:00:01]} Bf6 {[%emt 0:03:26]} 19. Bxe5 {[%emt 0:02:14]} Qxe5 {[%emt 0:02:58]} 20. Qxe5+ {[%emt 0:00:21]} Bxe5 {[%emt 0:00:02]} 21. Rxf5 {[%emt 0:00:15]} f6 {[%emt 0:00:01]} 22. Kg2 {[%emt 0:01:33]} Kd7 {[%emt 0:00:29]} 23. Bb3 {[%emt 0:00:59]} a5 {[%emt 0:02:13]} 24. a4 {[%emt 0:00:06]} b4 {[%emt 0:00:26]} 25. Re1 {[%emt 0:01:48]} Kd6 {[%emt 0:00:09]} 26. Re2 {[%emt 0:00:46]} g6 {[%emt 0:05:29]} 27. Rf1 {[%emt 0:00:29]} Rbe8 {[%emt 0:00:13]} 28. Bc4 {[%emt 0:00:34]} Rc8 {[%emt 0:02:58]} 29. Rf3 {[%emt 0:01:56]} Rhe8 {[%emt 0:02:06]} 30. Bb3 {[%emt 0:00:39]} f5 {[%emt 0:02:45]} 31. Rf1 {[%emt 0:00:17]} Bg7 {[%emt 0:03:45]} 32. Rfe1 {[%emt 0:00:15]} Rxe2+ {[%emt 0:00:10]} 33. Rxe2 {[%emt 0:00:04]} Be5 {[%emt 0:00:05]} 34. Bc4 {[%emt 0:00:59]} Rc7 {[%emt 0:03:28]} 35. Re1 {[%emt 0:00:29]} h5 {[%emt 0:00:31]} 36. Re2 {[%emt 0:04:57]} Rh7 {[%emt 0:04:10]} 37. Re1 {[%emt 0:02:27]} h4 {[%emt 0:05:24]} 38. gxh4 {[%emt 0:00:33]} Rxh4 {[%emt 0:00:00]} 39. Re2 {[%emt 0:04:20]} g5 {[%emt 0:00:00]} 40. Re1 {[%emt 0:01:49]} g4 {[%emt 0:01:39]} 41. hxg4 {[%emt 0:56:54]} Rxg4+ {[%emt 0:51:16]} 42. Kf3 {[%emt 0:00:13]} Rh4 {[%emt 0:00:00]} 43. Rg1 {[%emt 0:00:00]} Rh3+ {[%emt 0:00:00]} 44. Kf2 {[%emt 0:00:00]} Bf6 {[%emt 0:00:00]} 45. Kg2 {[%emt 0:00:00]} Re3 {[%emt 0:00:00]} 46. Rf1 {[%emt 0:00:00]} Re5 {[%emt 0:00:00]} 47. Bf7 {[%emt 0:00:00]} Bg5 {[%emt 0:00:00]} 48. Bh5 {[%emt 0:00:00]} Be3 {[%emt 0:00:00]} 49. Bd1 {[%emt 0:00:00]} f4 {[%emt 0:00:00]} 50. Rh1 {[%emt 0:00:00]} Rg5+ {[%emt 0:00:00]} 51. Kf3 {[%emt 0:00:00]} Ke5 {[%emt 0:00:00]} 52. Rh3 {[%emt 0:00:00]} Kf5 {[%emt 0:00:00]} 53. b3 {[%emt 0:00:00]} Rg1 {[%emt 0:00:00]} 54. Be2 {[%emt 0:00:00]} Rg5 {[%emt 0:00:00]} 55. Bd1 {[%emt 0:00:00]} 1/2-1/2

[Event "95th Caplin Hastings Congress"]
[Site "Hastings"]
[Date "2020.01.02"]
[Round "6.7"]
[White "Vaishali R"]
[Black "Petrov, Martin"]
[Result "0-1"]
[WhiteElo "2376"]
[BlackElo "2497"]
[Annotator "TA"]
[PlyCount "54"]
[EventDate "2019.12.28"]
[EventType "swiss"]
[EventCountry "ENG"]
[SourceTitle "playchess.com"]
[Source "ChessBase"]
[SourceQuality "1"]

{[%evp 9,62,14,10,14,10,19,13,4,18,17,22,0,27,11,13,7,37,-35,-43,-55,-55,-101,-99,-135,-136,-168,-152,-161,-128,-156,-101,-287,-329,-293,-283,-538,-547,-541,-519,-531,-393,-391,-366,-351,-350,-337,-266,-258,-250,-259,-260,-482,-480,-464,-381]} 1. e4 c5 2. Nf3 d6 3. Bb5+ Nd7 4. O-O a6 5. Bd3 Ngf6 6. Re1 {B51: Sicilian: Moscow Variation (3 Bb5+) without 3...Bd7} ({Predecessor:} 6. c3 e6 7. Bc2 b5 8. d4 Be7 9. Re1 {0-1 (47) Rzayev,B (2392)-Baklan,V (2604) Cesme 2017}) 6... e6 7. c3 $146 (7. a4 b6 8. c3 Bb7 9. Qe2 Qc7 10. Na3 Be7 11. Bb1 e5 12. d4 cxd4 13. cxd4 exd4 14. Nxd4 {½-½ (42) Jakovenko,D (2719)-Ding,L (2809) Shenzhen 2019}) 7... b5 8. Bc2 {The position is equal.} Bb7 9. d4 Be7 10. e5 dxe5 11. dxe5 Nd5 12. Nbd2 Qc7 13. c4 (13. Ne4 $1 $14) 13... Nb4 $15 14. Bb1 Nc6 15. Qe2 g5 $1 $36 {[%cal Rg5g4][%mdl 2048] Strongly threatening ...g4. Keeping White busy.} 16. Nb3 g4 17. Ng5 bxc4 (17... Ndxe5 18. cxb5 axb5 19. Qxb5 $15) (17... Qxe5 18. Qxe5 Ndxe5 19. Ne4 $17) 18. Qxc4 Ncxe5 19. Qf4 Rg8 ({Black should try} 19... Bxg5 20. Qxg5 Bxg2 $1 {[%mdl 576] Remove Defender} 21. Kxg2 Nf3 {[%mdl 64] Double Attack, Discovered Attack} 22. Rxe6+ fxe6 23. Qh5+ Kd8) 20. Ne4 $2 (20. Nxf7 $17 Rf8 21. Nxe5 Rxf4 22. Bxf4) 20... f5 $19 21. Ng3 Qc6 {[%csl Gb7][%cal Rc6g2] [#]} 22. f3 $2 (22. Ne4 $1 {[%mdl 512]} Qb6 (22... fxe4 23. Na5) 23. Ned2) 22... Bg5 23. Na5 {aiming for Qxg5.} Bxf4 24. Nxc6 Bxg3 ({And not} 24... Bxc6 25. Bxf4 Nxf3+ 26. gxf3 $16) 25. hxg3 Nxc6 26. Rxe6+ Kf7 27. Bxf5 gxf3 {Played: Nc6-d4} 0-1

[Event "95th Caplin Hastings Congress"]
[Site "Hastings"]
[Date "2020.01.02"]
[Round "6.8"]
[White "Swayams, Mishra"]
[Black "Wadsworth, Matthew J"]
[Result "0-1"]
[WhiteElo "2479"]
[BlackElo "2401"]
[Annotator "TA"]
[PlyCount "118"]
[EventDate "2019.12.28"]
[EventType "swiss"]
[EventCountry "ENG"]
[SourceTitle "playchess.com"]
[Source "ChessBase"]
[SourceQuality "1"]

{[%evp 11,118,36,45,28,35,17,35,23,43,20,17,23,14,16,21,-38,-35,-53,-33,-37,-43,-80,-64,-54,0,-39,-48,-55,-54,-74,-52,-69,0,0,0,0,0,0,-1,0,-6,-6,0,-8,0,0,0,0,7,0,18,12,48,45,37,14,31,32,55,0,0,0,0,0,0,-39,-39,-40,-39,-40,-40,-34,-37,-41,-49,-101,-88,-161,-159,-135,-193,-1081,-1013,-1093,-1065,-1022,-881,-1247,-1195,-789,-706,-238,-238,-3129,-1329,-4137,-4137,-4137,-4137,-2794,-2095,-4137,-4137,-4137,-4137,-4137,-4137,-29996,-29997]} 1. d4 Nf6 2. Nf3 c5 3. d5 e6 4. Nc3 d6 5. e4 exd5 6. exd5 Be7 7. h3 {A43: Schmid Benoni} (7. Be2 O-O 8. O-O Na6 9. Bf4 Nc7 10. a4 b6 11. Bc4 Nh5 12. Be3 g6 13. Nb5 Ne8 14. Bh6 Neg7 15. Rb1 Re8 16. b4 Bg4 {½-½ (28) Comas Fabrego,L (2508)-Spraggett,K (2573) Sabadell 2011}) 7... O-O 8. Bc4 Na6 9. O-O {White is slightly better.} Nc7 10. Bf4 a6 11. a4 $1 b6 12. Re1 Re8 $146 ({Predecessor:} 12... Rb8) 13. g4 (13. Qd3 $11) 13... Rb8 $15 14. Bh2 b5 15. axb5 axb5 16. Bf1 b4 17. Ne4 Nfxd5 (17... Nxe4 $15 18. Rxe4 f5 19. gxf5 Bxf5) 18. c4 bxc3 $1 19. bxc3 {White wants to play c4.} Bb7 20. Bg2 Bf8 {Strongly threatening ...Rxe4!} 21. Qd2 Ne3 (21... Ra8 $15 22. Rxa8 Bxa8) 22. Nxd6 $11 Bxd6 23. Qxd6 {[%mdl 64] Double Attack} Nxg2 24. Rxe8+ Nxe8 25. Qxb8 Qxb8 26. Bxb8 Bxf3 27. Ra5 g5 28. Rxc5 {Black must now prevent Rc8.} f6 $1 29. c4 Kf7 30. Ra5 Ng7 31. Ra3 Nh4 32. Bg3 $1 {[%cal Rg3h4][%mdl 1024] Threatens to win with Bxh4. White has compensation.} Be4 {Threatening ...Nf3+.} 33. Ra7+ Kf8 34. f4 h5 35. f5 (35. Kf2 $14) 35... hxg4 36. hxg4 {Hoping for Bxh4.} Bf3 $1 37. Ra6 {And now Bxh4 would win.} Ne8 38. c5 Bxg4 39. Bxh4 gxh4 40. Ra4 Bxf5 41. Rxh4 Ke7 42. Kf2 Nc7 43. Rb4 ({Better is} 43. Kg3 $15) 43... Nd5 44. Rb7+ (44. Rh4 $17 {might work better.}) 44... Ke6 $19 45. Kf3 Ke5 46. Ra7 $2 (46. Kg3) 46... Be4+ 47. Kg4 {[#]} Ne3+ $1 48. Kg3 {[#]} Nf5+ $1 49. Kg4 Nd4 50. Kh5 Ne6 51. Ra5 Bc6 52. Kg4 $2 (52. Kh4) 52... f5+ 53. Kh5 f4 54. Kg4 Nd4 55. Ra7 Bd5 56. Kh3 Ke4 57. Re7+ Kf3 58. Kh2 Kf2 {( -> ...Bg2)} 59. Re8 Bg2 0-1

[Event "95th Caplin Hastings Congress"]
[Site "Hastings"]
[Date "2020.01.02"]
[Round "6.9"]
[White "Akeya-Price, Robert"]
[Black "Bagi, Mate"]
[Result "0-1"]
[WhiteElo "1880"]
[BlackElo "2469"]
[Annotator "TA"]
[PlyCount "28"]
[EventDate "2019.12.28"]
[EventType "swiss"]
[EventCountry "ENG"]
[SourceTitle "playchess.com"]
[Source "ChessBase"]
[SourceQuality "1"]

{[%evp 11,28,-35,-39,-60,-71,-56,-73,-171,-168,-261,-254,-316,-307,-518,-522,-658,-648,-670,-651]} 1. Nf3 Nf6 2. c4 c5 3. g3 d5 4. d4 cxd4 5. Nxd4 e5 6. Nf3 Nc6 {[%cal Bb8c6,Bc6d4,Bd4b3][%mdl 32]} 7. cxd5 {A31: Symmetrical English: 2 Nf3 Nf6 3 d4} (7. Bg2 d4 8. O-O Bc5 9. b4 Bxb4 10. Nxe5 Nxe5 11. Qa4+ Nc6 12. Bxc6+ bxc6 13. Qxb4 Qb6 14. Qd6 c5 {½-½ (89) Babujian,L (2428)-Grekh,A (2384) Lvov 2007}) 7... Qxd5 8. Qxd5 Nxd5 9. a3 $146 {[#]} (9. Bg2 $17) ({Predecessor:} 9. Bg2 Ndb4 10. Na3 e4 11. Ng5 f5 12. h4 a6 13. Be3 Nd5 14. Bd2 Bc5 {0-1 (39) Santiago Llanes,J (1698)-Martin Perez,F (1773) Gran Canaria 2016}) 9... e4 $1 $19 {[%cal Re4f3]} 10. Nfd2 {[#]} (10. Ng5 {might work better.}) 10... Nd4 $1 {[%cal Rd4c2]} 11. Kd1 e3 12. Nc4 $2 (12. Nc3 exd2 13. Nxd5 dxc1=Q+ 14. Rxc1) 12... Nb3 {Black is clearly winning.} 13. Ra2 Bf5 14. Nc3 Rd8 0-1